000
00332nam a2200145 4500
008
190607s1982||||KW d
100
1
_a
Sawahin Ch.
_9
1246
245
1
0
_a
Izraelskí vojaci rozprávajú
260
_a
Kuvajt
_c
1982
_b
VZPSAN
490
_v
264
041
1
_a
slo
044
_a
KW
250
_a
1.vydanie
958
_a
A
999
_c
22582
_d
22582